Taxing wages 2025 (Registro nro. 53881)
[ vista simple ]
| 000 -CABECERA | |
|---|---|
| Longitud fija campo de control | 01505nam a2200385 c 4500 |
| 001 - NÚMERO DE CONTROL | |
| Número de control | 53881 |
| 003 - IDENTIFICADOR DE NÚMERO DE CONTROL | |
| Identificador del número de control | ES-MaCES |
| 005 - FECHA Y HORA DE LA ÚLTIMA TRANSACCIÓN | |
| Fecha y hora de la última transacción | 20250827141122.0 |
| 007 - PHYSICAL DESCRIPTION FIXED FIELD--GENERAL INFORMAT | |
| Campo fijo de descripción física | cr ||||||||||| |
| 008 - CAMPO FIJO DE DESCRIPCIÓN FIJA--INFORMACIÓN GENERAL | |
| Códigos de información de longitud fija | 250827s2025 fr || r i000 | eng d |
| 020 ## - ISBN (INTERNATIONAL STANDARD BOOK NUMBER) | |
| Número Internacional Normalizado para Libros (ISBN) | 9789264598546 (pdf) |
| 040 ## - FUENTE DE CATALOGACIÓN | |
| Centro catalogador de origen | ES-MaCES |
| Lengua de catalogación | spa |
| Centro transcriptor | ES-MaCES |
| 245 00 - MENCIÓN DE TÍTULO | |
| Título | Taxing wages 2025 |
| Medio | Recurso electrónico |
| Resto del título | : decomposition of personal income taxes and the role of tax reliefs |
| 260 ## - PUBLICACIÓN, DISTRIBUCIÓN, ETC (PIE DE IMPRENTA) | |
| Lugar de publicación, distribución, etc. | Paris |
| Nombre del editor, distribuidor, etc. | OECD |
| Fecha de publicación, distribución, etc. | [2025] |
| 300 ## - DESCRIPCIÓN FÍSICA | |
| Extensión | 1 documento pdf |
| Otras características físicas | graf., mapas col. |
| Material anejo | (1,3 mb) |
| 541 ## - NOTA DE LA FUENTE INMEDIANTE DE ADQUISICIÓN | |
| Forma de adquisición | Suscripción conjunta |
| 650 #4 - ASIENTO SECUNDARIO DE MATERIA--TÉRMINO DE MATERIA | |
| Término de materia o nombre geográfico como elemento inicial | impuesto sobre la renta de personas físicas |
| 9 (RLIN) | 28084 |
| 650 #4 - ASIENTO SECUNDARIO DE MATERIA--TÉRMINO DE MATERIA | |
| Término de materia o nombre geográfico como elemento inicial | exención tributaria |
| 9 (RLIN) | 28089 |
| 650 #4 - ASIENTO SECUNDARIO DE MATERIA--TÉRMINO DE MATERIA | |
| Término de materia o nombre geográfico como elemento inicial | salario |
| 9 (RLIN) | 28387 |
| 650 #4 - ASIENTO SECUNDARIO DE MATERIA--TÉRMINO DE MATERIA | |
| Término de materia o nombre geográfico como elemento inicial | coste de la mano de obra |
| 9 (RLIN) | 28283 |
| 650 #4 - ASIENTO SECUNDARIO DE MATERIA--TÉRMINO DE MATERIA | |
| Término de materia o nombre geográfico como elemento inicial | análisis de costes y beneficios |
| 9 (RLIN) | 28281 |
| 650 #4 - ASIENTO SECUNDARIO DE MATERIA--TÉRMINO DE MATERIA | |
| Término de materia o nombre geográfico como elemento inicial | gestión de las prestaciones |
| 9 (RLIN) | 30736 |
| 650 #4 - ASIENTO SECUNDARIO DE MATERIA--TÉRMINO DE MATERIA | |
| Término de materia o nombre geográfico como elemento inicial | administración de la seguridad social |
| 9 (RLIN) | 30264 |
| 650 #4 - ASIENTO SECUNDARIO DE MATERIA--TÉRMINO DE MATERIA | |
| Término de materia o nombre geográfico como elemento inicial | país de la OCDE |
| 9 (RLIN) | 29055 |
| 650 #4 - ASIENTO SECUNDARIO DE MATERIA--TÉRMINO DE MATERIA | |
| Término de materia o nombre geográfico como elemento inicial | 2025 |
| 9 (RLIN) | 31384 |
| 650 #4 - ASIENTO SECUNDARIO DE MATERIA--TÉRMINO DE MATERIA | |
| Término de materia o nombre geográfico como elemento inicial | estudio de casos |
| 9 (RLIN) | 28846 |
| 650 #4 - ASIENTO SECUNDARIO DE MATERIA--TÉRMINO DE MATERIA | |
| Término de materia o nombre geográfico como elemento inicial | comparación |
| 9 (RLIN) | 28892 |
| 653 10 - TÉRMINO DE INDEXACIÓN--NO CONTROLADO | |
| Término no controlado | Fiscalidad |
| 710 2# - ENCABEZAMIENTO SECUNDARIO--NOMBRE CORPORATIVO | |
| Nombre de entidad o nombre de jurisdicción como elemento inicial | Organización de Cooperación y Desarrollo Económico |
| Término indicativo de función | ed. |
| 9 (RLIN) | 4694 |
| 787 0# - ENTRADA DE OTRAS ESPECIFICACIONES | |
| Título | Taxing wages 2023 |
| Número de control del registro relacionado | (ES-MaCES)52750 |
| 856 4# - ACCESO ELECTRÓNICO | |
| Identificador Uniforme del Recurso (URI) | http://biblioteca.ces.es/repintra/B53881.pdf |
| Texto del enlace | texto completo |
| Nota pública | [intranet] |
| 856 4# - ACCESO ELECTRÓNICO | |
| Identificador Uniforme del Recurso (URI) | https://doi.org/10.1787/b3a95829-en |
| Texto del enlace | https://doi.org/10.1787/b3a95829-en |
| Nota pública | [shows all issues in this serial since 2017] |
| 902 ## - CES. TIPO DE DOCUMENTO | |
| Tipodoc (006$c Sirtex) | ELE PUB. ELECTRONICA |
| 942 ## - ELEMENTOS KOHA | |
| Fuente de clasificaión o esquema | Clasificación propia del CES |
| Koha [por defecto] tipo de item | Monografías |
| Parte de clasificación | Fiscalidad |
No hay ítems disponibles.
